000
00343 a2200169 4500
001
189226
020
_a
85-16-04195-6
040
_c
Magnum
100
_a
Belinky, Tatiana
240
1
0
_a
Olhos de ver
_l
por
245
1
0
_a
Olhos de ver
300
_a
72
362
0
_a
2004
440
1
_a
Moderna
697
_a
LITERATURA JUVENIL
942
_c
BK
999
_c
189226
_d
189226